[Event "Porec Open 2011"]
[Site "Porec CRO"]
[Date "2011.12.01"]
[Round "1.5"]
[White "Zufic,M"]
[Black "Bursic,E"]
[Result "1-0"]
[WhiteTitle "IM"]
[WhiteElo "2409"]
[BlackElo "1979"]
[WhiteFideId "14506157"]
[BlackFideId "14505410"]
[EventDate "2011.12.01"]

1. e4 e5 2. Nf3 Nc6 3. Bb5 a6 4. Ba4 Nf6 5. O-O d6 6. c3 b5 7. Bb3 Be7 8. h3 O-O
9. Re1 Na5 10. Bc2 c5 11. d4 Qc7 12. Nbd2 Bd7 13. dxe5 dxe5 14. Nf1 Rad8 15. Qe2
h6 16. N3h2 Nc6 17. Ne3 Be6 18. Nhg4 Nxg4 19. Nxg4 Kh8 20. Nxh6 g6 21. Qe3 Kg7
22. Nf5+ Bxf5 23. Qh6+ Kg8 24. exf5 Bf6 25. fxg6 fxg6 26. Qxg6+ Bg7 27. Qh7+ Kf7
28. Bh6 Rg8 29. Re3 Rd6 30. Rf3+ Rf6 31. Rxf6+ Kxf6 32. Qxg8 1-0

[Event "Porec Open 2011"]
[Site "Porec CRO"]
[Date "2011.12.01"]
[Round "1.6"]
[White "Popovic,Mir"]
[Black "Crepan,M"]
[Result "0-1"]
[BlackTitle "FM"]
[WhiteElo "1948"]
[BlackElo "2316"]
[WhiteFideId "14509083"]
[BlackFideId "14600102"]
[EventDate "2011.12.01"]

1. e4 e5 2. Nf3 Nc6 3. d4 exd4 4. Nxd4 Bc5 5. Nb3 Bb6 6. Nc3 d6 7. Be2 Nge7 8.
Na4 O-O 9. Nxb6 axb6 10. Bg5 Qe8 11. O-O Ng6 12. Bd3 f5 13. exf5 Bxf5 14. Bc4+
Kh8 15. Re1 Nge5 16. Bd5 Qg6 17. f4 Nb4 18. Qd2 Nbc6 19. Bxc6 Nxc6 20. c3 Be4
21. Re2 d5 22. a3 Qh5 23. Re3 h6 24. Rh3 Qxh3 25. gxh3 hxg5 26. fxg5 Ne5 27. Rf1
Rxf1+ 28. Kxf1 Rf8+ 29. Ke2 Bd3+ 30. Ke3 Rf3+ 31. Kd4 Rf5 32. Qd1 Rxg5 33. Kxd5
Nc6+ 34. Ke6 Bf5+ 35. Kf7 Bg6+ 36. Ke6 Be8 37. Qe2 Rg6+ 38. Kd5 Bf7+ 0-1

[Event "Porec Open 2011"]
[Site "Porec CRO"]
[Date "2011.12.01"]
[Round "1.7"]
[White "Havas,L"]
[Black "Ghersinich,G"]
[Result "1-0"]
[WhiteTitle "FM"]
[WhiteElo "2280"]
[BlackElo "1926"]
[WhiteFideId "14501090"]
[BlackFideId "14510138"]
[EventDate "2011.12.01"]

1. d4 d5 2. c4 Nf6 3. cxd5 Nxd5 4. e4 Nf6 5. e5 Nd5 6. Bc4 e6 7. Nc3 c6 8. Nf3
Be7 9. O-O Nd7 10. a3 Nf8 11. Ne4 Ng6 12. Re1 h6 13. Bd3 b6 14. Ng3 Ngf4 15. Bf1
Bb7 16. Bd2 h5 17. Ne4 h4 18. Qc1 g5 19. Nfxg5 Bxg5 20. Nd6+ Kf8 21. Nxb7 Qe7
22. Nd6 Rg8 23. g3 hxg3 24. fxg3 Nh5 25. Bxg5 Rxg5 26. Ne4 Rg6 27. Bg2 Rc8 28.
Rf1 Rc7 29. b4 Ng7 30. Nd6 Qg5 31. Be4 Qxc1 32. Raxc1 Rg4 33. Rf3 Ne8 34. h3 Rg7
35. Bxd5 exd5 36. Nf5 Rg6 37. g4 Ng7 38. Nxg7 Kxg7 39. Rfc3 Kh6 40. b5 c5 41.
dxc5 d4 42. Rc4 d3 43. c6 Re6 44. Re4 f6 45. Rd1 1-0

[Event "Porec Open 2011"]
[Site "Porec CRO"]
[Date "2011.12.01"]
[Round "1.9"]
[White "Sunjic,V"]
[Black "Brzac,M"]
[Result "1-0"]
[WhiteElo "2193"]
[BlackElo "1870"]
[WhiteFideId "14508281"]
[BlackFideId "14512424"]
[EventDate "2011.12.01"]

1. e4 e6 2. d4 d5 3. Nd2 Nf6 4. e5 Nfd7 5. Bd3 c5 6. c3 Nc6 7. Ndf3 Be7 8. Ne2
O-O 9. O-O f6 10. exf6 Nxf6 11. Bg5 Qc7 12. Bh4 c4 13. Bc2 Bd6 14. Ng3 Bd7 15.
b4 cxb3 16. axb3 Ne7 17. Qd3 Nf5 18. Rfe1 a6 19. c4 Rac8 20. Nxf5 exf5 21. c5
Bf4 22. Bxf6 Rxf6 23. Ne5 Bb5 24. Qf3 Bxe5 25. Qxd5+ Qf7 26. Qxf7+ Kxf7 27. Rxe5
g6 28. Rae1 Kg8 29. b4 Bc4 30. f4 Rd8 31. Re8+ Rxe8 32. Rxe8+ Kf7 33. Re5 Re6
34. Kf2 Rxe5 35. dxe5 Ke6 36. Bd1 Kd7 37. Ke3 Kc7 38. Kd4 Be6 39. Be2 Kc6 40.
Bc4 Bd7 41. e6 Be8 42. Ke5 a5 43. bxa5 Kxc5 44. Bd5 b5 45. axb6 Kxb6 46. Kd6 h6
47. h4 1-0

[Event "Porec Open 2011"]
[Site "Porec CRO"]
[Date "2011.12.01"]
[Round "1.10"]
[White "Bratkovic,Sham"]
[Black "Grbac,Bor"]
[Result "0-1"]
[WhiteElo "1853"]
[BlackElo "2190"]
[WhiteFideId "14608715"]
[BlackFideId "14503565"]
[EventDate "2011.12.01"]

1. e4 c5 2. Nf3 d6 3. d4 cxd4 4. Nxd4 Nf6 5. Nc3 g6 6. Be3 Bg7 7. f3 O-O 8. Qd2
Nc6 9. O-O-O d5 10. exd5 Nxd5 11. Nxc6 bxc6 12. Bd4 Bxd4 13. Qxd4 Qb6 14. Na4
Qa5 15. a3 e5 16. Qh4 Bf5 17. b3 Ne3 18. Rd2 Rad8 19. Qf2 Nxc2 20. Rxc2 Bxc2 21.
Qxc2 Qe1+ 22. Kb2 Rd2 0-1

[Event "Porec Open 2011"]
[Site "Porec CRO"]
[Date "2011.12.01"]
[Round "1.11"]
[White "Rubil,M"]
[Black "Saric,H"]
[Result "1-0"]
[WhiteElo "2181"]
[BlackElo "1849"]
[WhiteFideId "14501546"]
[BlackFideId "14509296"]
[EventDate "2011.12.01"]

1. e4 c5 2. Nf3 a6 3. c3 d6 4. d4 cxd4 5. cxd4 Bg4 6. h3 Bh5 7. Be2 Nf6 8. Nc3
Nbd7 9. O-O b5 10. e5 b4 11. exf6 bxc3 12. fxg7 Bxg7 13. bxc3 O-O 14. Bg5 h6 15.
Be3 Qa5 16. Qd2 Rac8 17. Rfc1 Nf6 18. c4 Qxd2 19. Bxd2 Ne4 20. Be3 f5 21. g4
fxg4 22. Nh4 Nf6 23. Nf5 Kh7 24. Nxe7 Rce8 25. Bd3+ Kh8 26. Ng6+ Bxg6 27. Bxg6
gxh3 28. Bxe8 Rxe8 29. Rab1 Ng4 30. Rb3 h2+ 31. Kg2 Re6 32. c5 dxc5 33. Rxc5 Rg6
34. Kh1 Bf6 35. Rc8+ Kh7 36. Rc7+ Bg7 37. d5 h5 38. Bd4 Kh6 39. Bxg7+ Kg5 40.
Bd4 Kf4 41. f3 Ne5 42. Bxe5+ Kxe5 43. Rd3 Kf4 44. Kxh2 Rb6 45. Rf7+ 1-0

[Event "Porec Open 2011"]
[Site "Porec CRO"]
[Date "2011.12.01"]
[Round "1.12"]
[White "Bratkovic,Jakob"]
[Black "Znidarcic,A"]
[Result "1/2-1/2"]
[WhiteElo "1847"]
[BlackElo "2177"]
[WhiteFideId "14608634"]
[BlackFideId "14602601"]
[EventDate "2011.12.01"]

1. e4 e5 2. Nf3 Nc6 3. Bc4 Be7 4. O-O Nf6 5. d3 O-O 6. Re1 d6 7. c3 Na5 8. Bb5
Bd7 9. Bxd7 Qxd7 10. d4 Nc6 11. Nbd2 Rfe8 12. d5 Nb8 13. Nf1 g6 14. Ng3 Bf8 15.
Bg5 Bg7 16. Qd2 Qe7 17. Bh6 Qf8 1/2-1/2

[Event "Porec Open 2011"]
[Site "Porec CRO"]
[Date "2011.12.01"]
[Round "1.14"]
[White "Mehmeti,T"]
[Black "Antunovic,I"]
[Result "0-1"]
[WhiteElo "1766"]
[BlackElo "2140"]
[WhiteFideId "14513897"]
[BlackFideId "14505878"]
[EventDate "2011.12.01"]

1. e4 d6 2. c3 Nf6 3. h3 g6 4. Nf3 Bg7 5. Be2 O-O 6. d3 b6 7. Be3 Bb7 8. Nh2 c5
9. Nd2 Nc6 10. Ndf3 Qc7 11. Bf4 e5 12. Be3 d5 13. exd5 Nxd5 14. O-O Rad8 15. Bg5
f6 16. Bh4 Nf4 17. Bg3 Nxe2+ 18. Qxe2 Ne7 19. d4 Nf5 20. dxe5 Nxg3 21. fxg3 fxe5
22. Ng5 Qe7 23. h4 e4 24. Rae1 e3 25. Rxf8+ Bxf8 26. Ngf3 Re8 27. Nf1 Bh6 28.
N3h2 Bc8 29. Nf3 Kh8 30. N3h2 Qe4 31. g4 Bf4 32. g3 Bb7 33. Qf3 Qxf3 34. Nxf3
Bxg3 35. Nxg3 Bxf3 36. g5 Kg7 37. Nf1 e2 38. Ng3 h6 39. Kf2 Bg4 40. Nxe2 hxg5
41. hxg5 Kf7 42. Nf4 Rxe1 43. Kxe1 Bf5 44. Kd2 Ke7 45. b4 Kd6 46. a3 Ke5 47. Ke3
Bc2 48. Kf3 Kf5 49. bxc5 bxc5 50. Nh3 Be4+ 51. Kg3 Bc6 52. Nf4 Be8 53. Kf3 Bf7
54. Nh3 c4 55. Kf2 Kg4 56. Kg2 Bd5+ 57. Kh2 Bc6 58. Ng1 Kxg5 59. Ne2 Kg4 60. Nd4
Bd7 61. Kg2 Kf4 62. Kf2 g5 63. Nc2 g4 64. Ne1 Bc6 65. Nc2 g3+ 66. Kg1 Be4 67.
Nd4 Ke3 68. a4 Kd3 69. Nb5 a6 70. Nd6 Bc6 71. a5 Kxc3 72. Nf5 g2 73. Ne3 Kb4 74.
Kf2 c3 75. Nc2+ Kxa5 76. Nd4 Bb7 77. Nb3+ Kb4 78. Nd4 a5 79. Ne2 a4 80. Ke3 Ba6
81. Ng1 a3 82. Kf2 Bf1 83. Nf3 c2 84. Ne1 c1=Q 85. Nxg2 Bxg2 86. Kxg2 a2 0-1

[Event "Porec Open 2011"]
[Site "Porec CRO"]
[Date "2011.12.01"]
[Round "1.16"]
[White "Sadikovic,Munib"]
[Black "Valkovic,K"]
[Result "0-1"]
[WhiteElo "1744"]
[BlackElo "2101"]
[WhiteFideId "14527901"]
[BlackFideId "14513200"]
[EventDate "2011.12.01"]

1. Nf3 f5 2. c4 Nf6 3. g3 g6 4. Bg2 Bg7 5. Nc3 O-O 6. O-O d6 7. d4 Nc6 8. e3 e5
9. dxe5 dxe5 10. Qb3 e4 11. Ng5 Qe7 12. Nb5 h6 13. c5+ Kh8 14. Nh3 Be6 15. Nf4
Bf7 16. Qc3 g5 17. Ne2 Nd5 18. Qa3 Ndb4 19. Nbd4 Nxd4 20. Nxd4 Bxd4 21. Qxb4
Bxc5 22. Qxb7 Qd6 23. Qb5 Rab8 24. Qa5 Kh7 25. a3 Rb3 26. Bd2 Bb6 27. Qxf5+ Bg6
28. Qg4 Qxd2 29. Rad1 Qxb2 30. Bxe4 Qf6 31. Rd7+ Kh8 32. h4 Bxe3 33. Bxg6 Bxf2+
34. Kh1 Qxg6 35. Rxf2 Rb1+ 36. Kg2 Rxf2+ 37. Kxf2 Qc2+ 38. Qe2 Qf5+ 39. Kg2 Qxd7
40. Qe5+ Kg8 41. hxg5 Qd2+ 0-1

[Event "Porec Open 2011"]
[Site "Porec CRO"]
[Date "2011.12.01"]
[Round "1.17"]
[White "Pasalic,E"]
[Black "Udovicic,Roland"]
[Result "1-0"]
[WhiteElo "2082"]
[BlackElo "1742"]
[WhiteFideId "14513439"]
[BlackFideId "14531011"]
[EventDate "2011.12.01"]

1. d4 d5 2. Nf3 Nc6 3. Bf4 e6 4. e3 Nf6 5. Nbd2 Bd7 6. a3 Be7 7. Bd3 Nh5 8. O-O
Nxf4 9. exf4 O-O 10. c3 a6 11. Ne5 f5 12. Ndf3 Rf6 13. Re1 Nxe5 14. Nxe5 c5 15.
Re3 cxd4 16. cxd4 Bd6 17. Qb3 b5 18. Rae1 Rc8 19. g3 g6 20. h4 h5 21. f3 Bxe5
22. fxe5 Rf7 23. f4 Be8 24. Qb4 Rd7 25. a4 Rb7 26. axb5 axb5 27. R3e2 Qb6 28.
Ra1 Rc4 29. Bxc4 Qxd4+ 30. Kh2 Qxc4 31. Qxc4 bxc4 32. Ra8 Kf7 33. Rd8 Ba4 34.
Rd2 Bd7 35. Kg1 Ke7 36. Rh8 Be8 37. Kf2 Rb3 38. Rc2 Rd3 39. Kg2 Rb3 40. Kh3 Rb7
41. Kg2 Rb3 42. Kf2 Rd3 43. Rc1 Rd2+ 44. Ke3 Rxb2 45. Ra1 Rb3+ 46. Kd4 Rb7 47.
Ra8 Bf7 48. Rhc8 Rd7 49. Rab8 Ra7 50. Kc5 Rd7 51. Kb6 d4 52. Rxc4 d3 53. Rb7
Rxb7+ 54. Kxb7 Be8 55. Kb6 g5 56. hxg5 h4 57. gxh4 Bh5 58. Rd4 Be2 59. Kc5 Kf7
60. h5 Bxh5 61. Rxd3 Ke7 62. Rh3 Bg6 63. Rh6 Bf7 64. Rh7 Kf8 65. Rxf7+ Kxf7 1-0

[Event "Porec Open 2011"]
[Site "Porec CRO"]
[Date "2011.12.01"]
[Round "1.18"]
[White "Causevic,Miro"]
[Black "Grguric,Dr"]
[Result "0-1"]
[WhiteElo "1724"]
[BlackElo "2073"]
[WhiteFideId "14527715"]
[BlackFideId "14502674"]
[EventDate "2011.12.01"]

1. e4 c5 2. f4 Nc6 3. Nf3 g6 4. Nc3 Bg7 5. a4 e6 6. Bc4 Nge7 7. d3 O-O 8. O-O b6
9. e5 d6 10. Qe1 dxe5 11. fxe5 Nxe5 12. Nxe5 Qd4+ 13. Kh1 Qxe5 14. Qh4 Nf5 15.
Qf2 Bb7 16. Bf4 Qd4 17. Qe2 Nh4 18. Nb5 Nxg2 19. Nxd4 Nxf4+ 20. Qf3 Bxf3+ 21.
Nxf3 Bxb2 22. Rab1 Bg7 23. Ng5 Nd5 24. Rf3 h6 25. Ne4 Nc3 26. Nxc3 Bxc3 27. Rbf1
Kg7 28. Kg2 h5 29. Kh3 Rae8 30. Rg3 f5 31. Kh4 e5 32. Bb5 Re7 33. Rfg1 Rf6 34.
Rg5 Bd4 35. R1g2 f4 0-1

[Event "Porec Open 2011"]
[Site "Porec CRO"]
[Date "2011.12.01"]
[Round "1.19"]
[White "Havas,Ju"]
[Black "Milasincic,S"]
[Result "1-0"]
[WhiteElo "2070"]
[BlackElo "1695"]
[WhiteFideId "14517760"]
[BlackFideId "14513919"]
[EventDate "2011.12.01"]

1. d4 d5 2. c4 c6 3. Nf3 g6 4. Nc3 Bg7 5. e3 Nf6 6. Be2 a6 7. O-O Nbd7 8. Qc2 e6
9. b3 Qc7 10. Ba3 Bf8 11. Bxf8 Nxf8 12. e4 Qe7 13. Rfe1 N8d7 14. exd5 cxd5 15.
cxd5 O-O 16. dxe6 fxe6 17. Bc4 Nb6 18. Ne4 Nfd5 19. Neg5 Rf5 20. Qd2 Bd7 21. Bd3
Rf6 22. h4 Rff8 23. Re5 Nf4 24. Bf1 h6 25. Ne4 Rf5 26. Ng3 Rxe5 27. Nxe5 Nbd5
28. Re1 Bb5 29. Bxb5 axb5 30. Nf3 g5 31. hxg5 hxg5 32. Re5 Qh7 33. Rxg5+ Kf7 34.
Re5 Qb1+ 35. Re1 Qh7 36. Ng5+ 1-0

[Event "Porec Open 2011"]
[Site "Porec CRO"]
[Date "2011.12.01"]
[Round "1.21"]
[White "Orak,T"]
[Black "Brecevac,V"]
[Result "0-1"]
[WhiteElo "2047"]
[BlackElo "1567"]
[WhiteFideId "14513412"]
[BlackFideId "14511878"]
[EventDate "2011.12.01"]

1. c4 g6 2. Nc3 Bg7 3. e3 Nf6 4. a3 c6 5. Be2 d5 6. Nf3 e6 7. Qc2 Nbd7 8. d3
dxc4 9. dxc4 O-O 10. O-O Qc7 11. Rd1 e5 12. Rb1 Re8 13. b4 a6 14. c5 b6 15. cxb6
Nxb6 16. e4 Be6 17. Ng5 Bc4 18. Bxc4 Nxc4 19. Qb3 Nd6 20. f3 Nb5 21. Be3 h6 22.
Nh3 Bf8 23. Na4 Nd7 24. Rxd7 Qxd7 25. Nb6 Qb7 26. Nxa8 Qxa8 27. a4 Nd4 28. Qc4
Ne6 29. Nf2 Rc8 30. Ng4 c5 31. Rc1 Rc7 32. b5 axb5 33. axb5 Qa3 34. Rc3 Qa1+ 35.
Kf2 Nd4 36. Bxd4 exd4 37. Rb3 Ra7 38. b6 Ra2+ 39. Kg3 Qe1+ 40. Kh3 g5 41. g3 Re2
42. Ne5 Qf1+ 43. Kg4 Rxe4+ 44. fxe4 h5+ 45. Kxg5 Be7+ 46. Kh6 Qf6+ 0-1

[Event "Porec Open 2011"]
[Site "Porec CRO"]
[Date "2011.12.01"]
[Round "1.22"]
[White "Curko,Djanino"]
[Black "Lazic,Du"]
[Result "0-1"]
[WhiteElo "1525"]
[BlackElo "2041"]
[WhiteFideId "14536986"]
[BlackFideId "14511177"]
[EventDate "2011.12.01"]

1. d4 Nf6 2. c4 g6 3. Nf3 Bg7 4. g3 O-O 5. Bg2 d6 6. O-O Nbd7 7. Nc3 e5 8. e3 c6
9. d5 c5 10. e4 Ne8 11. Bg5 f6 12. Bd2 Qe7 13. Qc1 Nb6 14. b3 f5 15. Bh6 f4 16.
Bxg7 Nxg7 17. Qb2 Nd7 18. a4 a5 19. Rfe1 g5 20. Qe2 g4 21. Nh4 f3 22. Nxf3 gxf3
23. Bxf3 Nf6 24. Nb5 Bd7 25. Nc3 Bh3 26. Bg2 Bxg2 27. Kxg2 Nfh5 28. Qg4 Rf6 29.
Ne2 Raf8 30. Rf1 Rg6 31. Qh3 Qf6 32. f3 Nf4+ 33. Nxf4 exf4 34. g4 h5 35. g5
Rxg5+ 36. Kh1 Kh7 37. Rg1 Rf7 38. Rxg5 Qxg5 39. Rg1 Qe5 40. Qf1 Qf6 41. Qe1 b6
42. Qe2 Re7 43. Qe1 Re5 44. Qf1 Rg5 45. Rxg5 Qxg5 46. Qd3 Qe5 47. Kg2 Kh6 48. h4
Ne8 49. Kf2 Nf6 50. Ke2 Nd7 51. Kd2 Qb2+ 52. Ke1 Ne5 53. Qd1 Qg2 54. Qc1 Nd3+ 0-1

[Event "Porec Open 2011"]
[Site "Porec CRO"]
[Date "2011.12.01"]
[Round "2.5"]
[White "Grguric,Dr"]
[Black "Zufic,M"]
[Result "0-1"]
[BlackTitle "IM"]
[WhiteElo "2073"]
[BlackElo "2409"]
[WhiteFideId "14502674"]
[BlackFideId "14506157"]
[EventDate "2011.12.01"]

1. e4 c5 2. Nf3 d6 3. d4 cxd4 4. Nxd4 Nf6 5. Nc3 a6 6. Bg5 e6 7. f4 Qc7 8. Qf3
b5 9. Bxf6 gxf6 10. Bd3 Bb7 11. Qh5 Qc5 12. Qxc5 dxc5 13. Nf3 c4 14. Be2 Bc5 15.
f5 Nd7 16. O-O-O Ke7 17. Kb1 Rhd8 18. Rhf1 Bd6 19. a3 Nc5 20. fxe6 fxe6 21. Nd2
Be5 22. Bf3 Bxc3 23. bxc3 Na4 24. Kc1 Nxc3 25. Rde1 Na2+ 0-1

[Event "Porec Open 2011"]
[Site "Porec CRO"]
[Date "2011.12.01"]
[Round "2.7"]
[White "Vidic,M SLO"]
[Black "Havas,L"]
[Result "1/2-1/2"]
[BlackTitle "FM"]
[WhiteElo "2068"]
[BlackElo "2280"]
[WhiteFideId "14605775"]
[BlackFideId "14501090"]
[EventDate "2011.12.01"]

1. d4 Nf6 2. c4 g6 3. Nc3 Bg7 4. e4 d6 5. Nf3 O-O 6. Be2 Bg4 7. Be3 Nfd7 8. O-O
a6 9. d5 c5 10. Qd2 b5 11. cxb5 axb5 12. Bxb5 Bxf3 13. gxf3 Ne5 14. Be2 Qc8 15.
Bh6 Qh3 16. Bxg7 Nxf3+ 17. Bxf3 Qxf3 18. Bxf8 Qg4+ 19. Kh1 Qf3+ 20. Kg1 Qg4+ 21.
Kh1 Qf3+ 1/2-1/2

[Event "Porec Open 2011"]
[Site "Porec CRO"]
[Date "2011.12.01"]
[Round "2.10"]
[White "Brecevac,V"]
[Black "Rubil,M"]
[Result "0-1"]
[WhiteElo "1567"]
[BlackElo "2181"]
[WhiteFideId "14511878"]
[BlackFideId "14501546"]
[EventDate "2011.12.01"]

1. d4 Nf6 2. c4 g6 3. Nc3 Bg7 4. e4 d6 5. Bd3 e5 6. d5 Nbd7 7. b4 a5 8. bxa5 Nc5
9. Bc2 O-O 10. f3 Nh5 11. Be3 f5 12. exf5 Qh4+ 13. Bf2 Qxc4 14. Nge2 e4 15. Bd4
Nd3+ 16. Bxd3 exd3 17. Bxg7 Nxg7 18. fxg6 hxg6 19. Qb3 Qxb3 20. axb3 dxe2 21.
Kxe2 Nf5 22. Rhe1 Bd7 23. b4 Rae8+ 24. Ne4 Nh4 25. Rg1 Re5 26. Rad1 Bb5+ 27. Ke3
Bc4 28. Rc1 Bxd5 29. Rxc7 Rf7 30. Rc8+ Kg7 31. Rd8 Bc6 32. Kd3 Nxf3 33. Nxd6
Rd5+ 34. Kc3 Nxg1 35. Nxf7 Kxf7 36. Rxd5 Bxd5 37. Kd4 Bxg2 38. b5 Nf3+ 39. Kc5
Nxh2 0-1

[Event "Porec Open 2011"]
[Site "Porec CRO"]
[Date "2011.12.01"]
[Round "2"]
[White "Antunovic,I"]
[Black "Zaja,I"]
[Result "0-1"]
[BlackTitle "GM"]
[WhiteElo "2140"]
[BlackElo "2508"]
[WhiteFideId "14505878"]
[BlackFideId "14500450"]
[EventDate "2011.12.01"]

1. Nf3 e6 2. g3 b6 3. Bg2 Bb7 4. O-O Nf6 5. d3 d5 6. b3 a5 7. a3 Bc5 8. e3 O-O
9. Bb2 Re8 10. Nbd2 Nbd7 11. Qe2 e5 12. Nh4 Nf8 13. c3 Qd7 14. b4 Bd6 15. e4
dxe4 16. Nxe4 Nxe4 17. Bxe4 Bxe4 18. dxe4 Ng6 19. Nf5 Ne7 20. Ne3 Qc6 21. Qc4 b5
22. Qxc6 Nxc6 23. Rfd1 g6 24. Nd5 Kg7 25. Ne3 Rab8 26. Nf1 f5 27. Nd2 Rf8 28.
Kg2 Ra8 29. Nb3 Kf7 30. Rd5 Rfb8 31. Rad1 Ne7 32. R5d2 Nc6 33. Rd5 Rb6 34. Bc1
Ne7 35. R5d2 a4 36. Na1 Rc6 37. Bb2 fxe4 38. Nc2 Nf5 39. Re2 e3 40. Nxe3 Nxe3+
41. Rxe3 Rc4 42. f3 Ke6 43. Re4 Rxe4 44. fxe4 Rc8 45. Kf3 c5 46. Rd5 cxb4 47.
axb4 Rb8 48. Ke2 Kd7 49. Ba3 Kc6 50. Kd3 Rf8 51. Ke2 g5 52. c4 Rb8 53. c5 Bc7
54. Rd3 g4 55. Rd1 h5 56. Rf1 h4 57. Rf6+ Kb7 58. Rg6 hxg3 59. hxg3 Rh8 60. c6+
Ka6 61. Bc1 Rd8 62. Rxg4 Rd4 63. Be3 Rc4 64. Bc5 Bb6 65. Rg7 Bxc5 66. bxc5 Rxc5
67. c7 a3 0-1

[Event "Porec Open 2011"]
[Site "Porec CRO"]
[Date "2011.12.01"]
[Round "2"]
[White "Brzac,M"]
[Black "Curko,Djanino"]
[Result "1-0"]
[WhiteElo "1870"]
[BlackElo "1525"]
[WhiteFideId "14512424"]
[BlackFideId "14536986"]
[EventDate "2011.12.01"]

1. c4 Nf6 2. Nc3 e6 3. g3 Bb4 4. Bg2 Bxc3 5. bxc3 d5 6. cxd5 Nxd5 7. Ba3 Qf6 8.
Rb1 c6 9. Nf3 Nd7 10. O-O c5 11. e4 Nc7 12. d4 b6 13. e5 Qe7 14. Nd2 Rb8 15. Ne4
O-O 16. dxc5 Rd8 17. cxb6 Nxb6 18. Bxe7 Rxd1 19. Rfxd1 Ncd5 20. c4 1-0

[Event "Porec Open 2011"]
[Site "Porec CRO"]
[Date "2011.12.01"]
[Round "2"]
[White "Bursic,E"]
[Black "Causevic,Miro"]
[Result "1/2-1/2"]
[WhiteElo "1979"]
[BlackElo "1724"]
[WhiteFideId "14505410"]
[BlackFideId "14527715"]
[EventDate "2011.12.01"]

1. e4 c5 2. Nf3 Nc6 3. d4 cxd4 4. Nxd4 e5 5. Nb5 d6 6. N1c3 a6 7. Na3 Nf6 8. Bg5
Be7 9. Be2 Be6 10. O-O O-O 11. Qd2 Rc8 1/2-1/2

[Event "Porec Open 2011"]
[Site "Porec CRO"]
[Date "2011.12.01"]
[Round "2"]
[White "Crepan,M"]
[Black "Havas,Ju"]
[Result "1/2-1/2"]
[WhiteTitle "FM"]
[WhiteElo "2316"]
[BlackElo "2070"]
[WhiteFideId "14600102"]
[BlackFideId "14517760"]
[EventDate "2011.12.01"]

1. e4 c5 2. Nf3 Nc6 3. d4 cxd4 4. Nxd4 Nf6 5. Nc3 e5 6. Nb3 Bb4 7. Bc4 O-O 8.
Qd3 d6 9. O-O Bxc3 10. bxc3 Be6 11. Rd1 Rc8 12. Nd2 d5 13. exd5 Bxd5 14. Rb1 b6
15. Rb5 Bxc4 16. Nxc4 Qxd3 17. cxd3 Rfd8 18. Ne3 Rd7 19. Kf1 Rcd8 20. Ke2 Nd5
21. Nxd5 Rxd5 22. a4 f6 23. Be3 Kf7 24. f3 Ke6 25. g4 g6 26. h3 R8d7 27. f4 exf4
28. Bxf4 h5 29. d4 hxg4 30. hxg4 Nxd4+ 31. cxd4 Rxd4 32. Rxd4 Rxd4 33. Kf3 Rxa4
34. Rb3 Rd4 35. Rc3 Kd5 36. Rc7 a5 37. Rb7 Kc6 38. Rc7+ Kd5 39. Rd7+ Kc4 40.
Rxd4+ Kxd4 41. Be3+ Kc4 42. Bxb6 a4 43. Bd8 f5 44. gxf5 gxf5 1/2-1/2

[Event "Porec Open 2011"]
[Site "Porec CRO"]
[Date "2011.12.01"]
[Round "2"]
[White "Ghersinich,G"]
[Black "Savli,Marko"]
[Result "1-0"]
[WhiteElo "1926"]
[BlackElo "1680"]
[WhiteFideId "14510138"]
[BlackFideId "14609908"]
[EventDate "2011.12.01"]

1. d4 Nf6 2. c4 e6 3. Nc3 d5 4. Bg5 Nbd7 5. Nf3 c6 6. e3 Qa5 7. cxd5 Nxd5 8. Qd2
Bb4 9. Rc1 N7f6 10. Bd3 O-O 11. O-O Re8 12. e4 Nxc3 13. bxc3 Be7 14. Qc2 Nd7 15.
Bxe7 Rxe7 16. e5 Nf8 17. Ng5 h6 18. Ne4 Bd7 19. f4 Rc8 20. Nd6 Rb8 21. f5 exf5
22. Bxf5 Be6 23. Rf2 b5 24. Rcf1 Bc4 25. Bd3 Be6 26. Qd2 Qc7 27. Rf6 gxf6 28.
exf6 Nh7 29. fxe7 Qxd6 30. Qxh6 Nf8 31. exf8=Q+ 1-0

[Event "Porec Open 2011"]
[Site "Porec CRO"]
[Date "2011.12.01"]
[Round "2"]
[White "Ikica,A"]
[Black "Bratkovic,Jakob"]
[Result "1-0"]
[WhiteElo "2029"]
[BlackElo "1847"]
[WhiteFideId "14503581"]
[BlackFideId "14608634"]
[EventDate "2011.12.01"]

1. Nf3 Nf6 2. g3 d5 3. c4 dxc4 4. Qa4+ Nbd7 5. Bg2 c6 6. Qxc4 Nb6 7. Qc2 g6 8.
O-O Bg7 9. d3 O-O 10. b3 Bg4 11. Bb2 Re8 12. Nbd2 Qc8 13. Rfd1 Bh3 14. Nf1 Bxg2
15. Kxg2 Nbd5 16. e4 Nc7 17. Ne3 Ne6 18. Rac1 Nh5 19. Bxg7 Kxg7 20. Qb2+ Kg8 21.
d4 Qb8 22. d5 cxd5 23. exd5 Nc7 24. Qe5 Na6 25. Qg5 Nf6 26. Rd4 Rc8 27. Nf5 Rxc1
28. Nxe7+ Kf8 29. Qxf6 Qd8 30. d6 Ke8 31. Ne5 Qxd6 32. Qxf7+ Kd8 33. Rxd6+ Kc7
34. Nf5+ 1-0

[Event "Porec Open 2011"]
[Site "Porec CRO"]
[Date "2011.12.01"]
[Round "2"]
[White "Lazic,Du"]
[Black "Sunjic,V"]
[Result "1/2-1/2"]
[WhiteElo "2041"]
[BlackElo "2193"]
[WhiteFideId "14511177"]
[BlackFideId "14508281"]
[EventDate "2011.12.01"]

1. d4 Nf6 2. Nf3 e6 3. Bf4 d5 4. e3 Bd6 5. Ne5 O-O 6. Bd3 b6 7. Nd2 c5 8. c3 Ba6
9. Bxa6 Nxa6 10. Qe2 Nc7 11. Rd1 c4 12. h4 Nce8 13. Qf3 Rc8 14. g4 Nd7 15. Qg3
Bxe5 16. Bxe5 f6 17. Bf4 Qe7 18. Nf3 Rc6 19. g5 Kh8 20. Ke2 b5 21. a3 Nd6 22.
gxf6 gxf6 23. Bxd6 Rxd6 24. Rhg1 Rc6 25. Rg2 Rcc8 26. Rdg1 Nb6 27. h5 Qf7 28.
Qf4 Rg8 29. Kd2 Rxg2 30. Rxg2 Rg8 31. Ne5 Qe7 32. Rxg8+ Kxg8 33. Ng4 Nd7 34. Qc7
Kf7 35. Qg3 a5 36. Nh6+ Ke8 37. Qg8+ Nf8 38. Qg3 Nd7 39. Qg8+ Nf8 40. Qg3 Nd7
41. Qg8+ 1/2-1/2

[Event "Porec Open 2011"]
[Site "Porec CRO"]
[Date "2011.12.01"]
[Round "2"]
[White "Licardo,R"]
[Black "Ivanovic,An"]
[Result "0-1"]
[WhiteElo "2200"]
[BlackElo "2039"]
[WhiteFideId "14503573"]
[BlackFideId "14604418"]
[EventDate "2011.12.01"]

1. e4 e6 2. d4 d5 3. e5 b6 4. c3 Qd7 5. Bd3 Ba6 6. Bc2 c5 7. Ne2 Nc6 8. a3 f6 9.
exf6 Nxf6 10. dxc5 Bxc5 11. b4 Bd6 12. Ba4 Bxe2 13. Qxe2 O-O 14. O-O Rae8 15.
Re1 e5 16. c4 d4 17. Bg5 e4 18. c5 bxc5 19. bxc5 Bxh2+ 20. Kxh2 Ng4+ 21. Kg1
Rxf2 22. Qc4+ Kh8 23. Bd1 Nce5 24. Qa4 Qf7 25. Bh4 Rf8 26. Qb5 Qf4 27. Bxg4 Nxg4 0-1